[Event "11th Asia-ch - Manny Pacquiao Cup"]
[Site "Manila PHI"]
[Date "2013.05.26"]
[Round "9"]
[White "Docena, Jerad"]
[Black "Rudin, Hamdani"]
[Result "1-0"]
[WhiteElo "2055"]
[BlackElo "2341"]
[EventDate "2013.05.18"]
[PlyCount "185"]

1.e4 c5 2.Nf3 a6 3.c4 e6 4.Nc3 Qc7 5.d4 cxd4 6.Nxd4 Nc6 7.Be3 Ne5 8.Rc1 
Nf6 9.f3 b6 10.Be2 Ng6 11.Qd2 Bb7 12.Nb3 Rb8 13.Qd4 Ba8 14.Na4 Bb4+ 15.Kf2
Bd6 16.g3 Be5 17.Qd3 h5 18.Bd4 h4 19.Bxe5 Nxe5 20.Qd4 d6 21.Nd2 Ke7 22.a3 
Qc6 23.b3 Ned7 24.Qe3 Rbc8 25.Nc3 Qc5 26.b4 hxg3+ 27.hxg3 Qxe3+ 28.Kxe3 
Rxh1 29.Rxh1 b5 30.Rc1 bxc4 31.Bxc4 Bb7 32.Be2 d5 33.exd5 Bxd5 34.Kf2 Bb7 
35.Nb3 Rc7 36.Na4 Rxc1 37.Nxc1 Nd5 38.Nb3 Nc7 39.Nac5 Nxc5 40.Nxc5 Bc8 41.
f4 f6 42.Ke3 e5 43.fxe5 fxe5 44.Bc4 Kd6 45.Kd3 Kc6 46.Ke4 Kd6 47.Ke3 Kc6 
48.Nb3 Kd6 49.Nc5 Kc6 50.Na4 Kd6 51.Nc3 Bf5 52.Ne4+ Kc6 53.Nc3 Kd6 54.a4 
Bc2 55.Ne4+ Kc6 56.Nc3 Kd6 57.Bd3 Bb3 58.Ne4+ Kd5 59.b5 axb5 60.axb5 Na8 
61.Nd2 Ba4 62.Be4+ Ke6 63.Bxa8 Bxb5 64.Be4 Kd6 65.Bd3 Bc6 66.Nf3 Bd5 67.
Be4 Ba2 68.Nh4 Ke7 69.Kd2 Kf6 70.Nf3 Ke6 71.Nh4 Kf6 72.Nf5 Be6 73.Ne3 g6 
74.Kc3 Bf5 75.Bb7 Be6 76.Kb4 Ke7 77.Kc5 Bf5 78.g4 Be6 79.g5 Bb3 80.Be4 Bf7
81.Kc6 Be6 82.Nd5+ Kf7 83.Kd6 Bc8 84.Kxe5 Kg7 85.Nf4 Bd7 86.Kd6 Ba4 87.Ke7
Bb5 88.Ne6+ Kh7 89.Kf6 Kg8 90.Bxg6 Kh8 91.Bf7 Bd3 92.Nd4 Bh7 93.Nf5 1-0

[Event "11th Asia-ch - Manny Pacquiao Cup"]
[Site "Manila PHI"]
[Date "2013.05.26"]
[Round "9"]
[White "Nezad, Husein Aziz"]
[Black "Dela Cruz, Noel"]
[Result "1/2-1/2"]
[WhiteElo "2410"]
[BlackElo "2331"]
[EventDate "2013.05.18"]
[PlyCount "35"]

1.e4 c5 2.Nf3 d6 3.Bb5+ Nd7 4.d4 cxd4 5.Qxd4 a6 6.Bxd7+ Bxd7 7.Nc3 e5 8.
Qd3 h6 9.a4 Nf6 10.O-O Rc8 11.Be3 Be6 12.Nd2 d5 13.exd5 Nxd5 14.Nxd5 Qxd5 
15.Qxd5 Bxd5 16.c3 Be7 17.Rfe1 f6 18.f3 1/2-1/2

[Event "11th Asia-ch - Manny Pacquiao Cup"]
[Site "Manila PHI"]
[Date "2013.05.26"]
[Round "9"]
[White "Bitoon, Richard"]
[Black "Mu Ke"]
[Result "0-1"]
[WhiteElo "2403"]
[BlackElo "2297"]
[EventDate "2013.05.18"]
[PlyCount "70"]

1.e4 e6 2.d3 d5 3.Nd2 Nf6 4.Ngf3 b6 5.e5 Nfd7 6.g3 c5 7.Bg2 Qc7 8.Qe2 Nc6 
9.c4 Ndxe5 10.cxd5 exd5 11.O-O Be6 12.Nxe5 Qxe5 13.Qxe5 Nxe5 14.f4 Nxd3 
15.f5 Bd7 16.Bxd5 O-O-O 17.Bxf7 Be7 18.Bc4 Nxc1 19.Raxc1 Bg5 20.Rc2 Rhf8 
21.Ne4 Be3+ 22.Kg2 Bc6 23.Be6+ Kc7 24.Kf3 Rd4 25.Rc4 Bxe4+ 26.Kxe3 Rxc4 
27.Bxc4 Bxf5 28.g4 Re8+ 29.Kd2 Rd8+ 30.Kc3 Bxg4 31.Rg1 h5 32.Rg3 Rf8 33.h3
Rf3+ 34.Rxf3 Bxf3 35.h4 Kd6 0-1

[Event "11th Asia-ch - Manny Pacquiao Cup"]
[Site "Manila PHI"]
[Date "2013.05.26"]
[Round "9"]
[White "Turqueza, Mari Joseph"]
[Black "Li Shilong"]
[Result "0-1"]
[WhiteElo "2280"]
[BlackElo "2558"]
[EventDate "2013.05.18"]
[PlyCount "52"]

1.d4 Nf6 2.c4 g6 3.g3 Bg7 4.Bg2 O-O 5.Nc3 d6 6.Nf3 Nc6 7.O-O a6 8.h3 Bd7 
9.e4 e5 10.Be3 exd4 11.Nxd4 Re8 12.Re1 Qc8 13.Kh2 Ne5 14.b3 c5 15.Nde2 b5 
16.Qxd6 bxc4 17.bxc4 Re6 18.Qxc5 Rc6 19.Qa3 Nxc4 20.Qc1 Ne5 21.Qd2 Nfg4+ 
22.Kg1 Nc4 23.Qd3 Ncxe3 24.hxg4 Nxg2 25.Rec1 Bxg4 26.f3 Ne1 0-1

[Event "11th Asia-ch - Manny Pacquiao Cup"]
[Site "Manila PHI"]
[Date "2013.05.26"]
[Round "9"]
[White "Dimakiling, Oliver"]
[Black "Nguyen Djuc Hoa"]
[Result "0-1"]
[WhiteElo "2384"]
[BlackElo "2503"]
[EventDate "2013.05.18"]
[PlyCount "116"]

1.c4 e6 2.Nc3 d5 3.cxd5 exd5 4.d4 c6 5.Qc2 Bd6 6.Nf3 Ne7 7.Bg5 f6 8.Bd2 f5
9.h3 Be6 10.g4 Rf8 11.Rg1 Nd7 12.O-O-O Qc7 13.Ng5 Bg8 14.gxf5 Nxf5 15.e3 
O-O-O 16.Bd3 g6 17.f4 Kb8 18.Kb1 a6 19.Nf3 Rde8 20.Ne5 Be6 21.Qb3 Bxe5 22.
fxe5 Nxe5 23.dxe5 d4 24.Qa3 dxc3 25.Bxc3 c5 26.Rc1 Rc8 27.Be4 Nxe3 28.Rge1
Nc4 29.Qa4 Rf2 30.Ka1 Ka7 31.Rf1 b5 32.Qd1 Ne3 33.Rxf2 Nxd1 34.Rxd1 Rd8 
35.Rc1 Qe7 36.b4 cxb4 37.Bb2 Rc8 38.Rcf1 Qc7 39.Rf6 Qc4 40.Bb1 Bf5 41.Rd1 
Bxb1 42.Rxb1 a5 43.Rd6 Kb7 44.e6 a4 45.e7 Qe2 46.Rd7+ Rc7 47.Rxc7+ Kxc7 
48.Bf6 Kd7 49.h4 b3 50.axb3 axb3 51.Bb2 b4 52.Rg1 Kxe7 53.Rh1 h6 54.Rg1 g5
55.hxg5 hxg5 56.Kb1 g4 57.Ka1 g3 58.Kb1 g2 0-1

[Event "11th Asia-ch - Manny Pacquiao Cup"]
[Site "Manila PHI"]
[Date "2013.05.26"]
[Round "9"]
[White "Donguines, Fernie"]
[Black "Goh Wei Ming, Kevin"]
[Result "0-1"]
[WhiteElo "2372"]
[BlackElo "2449"]
[EventDate "2013.05.18"]
[PlyCount "48"]

1.d4 Nf6 2.Nc3 d5 3.Bg5 Nbd7 4.Nf3 c6 5.Qd3 Qa5 6.a3 e6 7.Bd2 Qb6 8.b4 a5 
9.b5 c5 10.Na4 Qc7 11.c4 cxd4 12.cxd5 e5 13.e4 dxe3 14.Qxe3 Nxd5 15.Qb3 
N7b6 16.Rc1 Qe7 17.Bc4 Nxc4 18.Qxc4 Be6 19.Qe4 Qxa3 20.O-O f6 21.Rfe1 Kf7 
22.Nb6 Nxb6 23.Qxb7+ Be7 24.Qxb6 Qd6 0-1

[Event "11th Asia-ch - Manny Pacquiao Cup"]
[Site "Manila PHI"]
[Date "2013.05.26"]
[Round "9"]
[White "Nguyen Van Huy"]
[Black "Nouri, Hamed"]
[Result "1-0"]
[WhiteElo "2443"]
[BlackElo "2368"]
[EventDate "2013.05.18"]
[PlyCount "49"]

1.d4 Nf6 2.Nf3 g6 3.c4 Bg7 4.Nc3 O-O 5.Bf4 d6 6.h3 Nbd7 7.e3 c6 8.Be2 Qe8 
9.Bh2 a6 10.a4 a5 11.O-O Nb8 12.e4 Nfd7 13.Qd2 Na6 14.Rad1 Qd8 15.Qe3 Qb6 
16.Rd2 e5 17.Rfd1 Re8 18.dxe5 Qxe3 19.fxe3 Nxe5 20.Rxd6 f6 21.Bxe5 fxe5 
22.c5 Nxc5 23.Bc4+ Kf8 24.Ng5 Bh6 25.Rf6+ 1-0

[Event "11th Asia-ch - Manny Pacquiao Cup"]
[Site "Manila PHI"]
[Date "2013.05.26"]
[Round "9"]
[White "Bersamina, Paulo"]
[Black "Pascua, Haridas"]
[Result "1-0"]
[WhiteElo "2283"]
[BlackElo "2413"]
[EventDate "2013.05.18"]
[PlyCount "87"]

1.e4 c5 2.Nf3 Nc6 3.Nc3 Nf6 4.d4 cxd4 5.Nxd4 e5 6.Ndb5 d6 7.Bg5 a6 8.Bxf6 
gxf6 9.Na3 b5 10.Nd5 Bg7 11.c3 Ne7 12.Nxe7 Qxe7 13.Bd3 O-O 14.O-O f5 15.
Qf3 f4 16.Nc2 Kh8 17.Nb4 Rg8 18.Qh5 Be6 19.Nd5 Qd8 20.a4 bxa4 21.Rxa4 Bf8 
22.Rfa1 Ra7 23.Rxa6 Bg4 24.Qxg4 Rxg4 25.Rxa7 Qg5 26.Bf1 f3 27.g3 Qg6 28.
Bd3 h5 29.Ne3 Rxe4 30.Bxe4 Qxe4 31.Rxf7 Kg8 32.Rd7 d5 33.Nxd5 Qf5 34.Ne7+ 
Bxe7 35.Rxe7 Qe4 36.Rc7 Kf8 37.b4 Qd5 38.b5 e4 39.c4 Qd8 40.b6 e3 41.fxe3 
f2+ 42.Kg2 Qe8 43.Kxf2 Qe4 44.b7 1-0

[Event "11th Asia-ch - Manny Pacquiao Cup"]
[Site "Manila PHI"]
[Date "2013.05.26"]
[Round "9"]
[White "Garcia, Jan Emmanuel"]
[Black "Elorta, David"]
[Result "1-0"]
[WhiteElo "2401"]
[BlackElo "2348"]
[EventDate "2013.05.18"]
[PlyCount "107"]

1.c4 Nf6 2.d4 e6 3.Nc3 Bb4 4.Bg5 O-O 5.Qb3 c5 6.Nf3 Nc6 7.dxc5 h6 8.Bxf6 
Qxf6 9.e3 Qg6 10.Be2 Bxc5 11.O-O b6 12.Rad1 Rd8 13.Bd3 Qf6 14.Bb1 Bb7 15.
Ne4 Qe7 16.a3 a5 17.Rd2 a4 18.Qd3 f5 19.Nd6 Ba6 20.Rfd1 Qf6 21.e4 Na5 22.
exf5 Bxd6 23.fxe6 Nxc4 24.Qh7+ Kf8 25.e7+ Kxe7 26.Re1+ Kf7 27.Be4 Re8 28.
Rd5 Ne5 29.Nxe5+ Bxe5 30.Rxd7+ Ke6 31.Bc6 Rf8 32.Qc2 Rad8 33.Qd2 Bd3 34.
Rxd8 Qxd8 35.Bxa4 Qd5 36.Qe3 Kf6 37.Bb3 Qxb3 38.Qf3+ Kg6 39.Qxf8 Bxb2 40.
Qf3 Qc2 41.h4 Kh7 42.a4 Bf6 43.h5 Qc4 44.Re8 Bb1 45.Qa8 Qc1+ 46.Kh2 Qc7+ 
47.g3 g6 48.Qd5 Qg7 49.Rb8 Be7 50.Rxb6 Bc2 51.Rb7 Kh8 52.Qe6 Qf8 53.Qe5+ 
Qf6 54.Rxe7 1-0

[Event "11th Asia-ch - Manny Pacquiao Cup"]
[Site "Manila PHI"]
[Date "2013.05.26"]
[Round "9"]
[White "Tran Tuan Minh"]
[Black "Senador, Emmanuel"]
[Result "1-0"]
[WhiteElo "2399"]
[BlackElo "2343"]
[EventDate "2013.05.18"]
[PlyCount "77"]

1.d4 Nf6 2.Bg5 d5 3.e3 Ne4 4.Bf4 c5 5.c3 Nc6 6.Nd2 Nxd2 7.Qxd2 cxd4 8.exd4
Bf5 9.Ne2 e6 10.Ng3 Bg6 11.Be2 Bd6 12.Bxd6 Qxd6 13.O-O O-O 14.f4 Ne7 15.
Bd3 Nf5 16.Rae1 a6 17.Bxf5 Bxf5 18.Nxf5 exf5 19.Qe3 Qc6 20.Qf3 Rfe8 21.Re5
Rad8 22.Rfe1 Re6 23.R1e3 Rde8 24.Qe2 b5 25.h4 g6 26.h5 Kg7 27.Kf2 a5 28.
Rxe6 fxe6 29.Rf3 Qd6 30.Qxb5 Rb8 31.Qe2 a4 32.Ke3 Kf7 33.h6 Rb6 34.Kd3 Qf8
35.Qe5 Rxb2 36.Re3 Qe7 37.Qh8 Qb7 38.Qg7+ Ke8 39.Rxe6+ 1-0

[Event "11th Asia-ch - Manny Pacquiao Cup"]
[Site "Manila PHI"]
[Date "2013.05.26"]
[Round "9"]
[White "Emperado, Emmanuel"]
[Black "Akash, Ganesan"]
[Result "1/2-1/2"]
[WhiteElo "2313"]
[BlackElo "2397"]
[EventDate "2013.05.18"]
[PlyCount "132"]

1.e4 c5 2.Nf3 Nc6 3.d4 cxd4 4.Nxd4 Nf6 5.Nc3 e5 6.Ndb5 d6 7.Bg5 a6 8.Na3 
b5 9.Nd5 Be7 10.Bxf6 Bxf6 11.c4 b4 12.Nc2 O-O 13.h4 Be6 14.g3 a5 15.Be2 
Ra7 16.O-O Nb8 17.b3 Nd7 18.f3 Be7 19.Nce3 g6 20.h5 f5 21.hxg6 hxg6 22.
exf5 gxf5 23.f4 Nc5 24.Bd3 Bxd5 25.Nxd5 e4 26.Bc2 Bf6 27.Rb1 Bh4 28.g4 Rg7
29.Ne3 Nd3 30.Bxd3 Qb6 31.c5 Qxc5 32.Bc4+ Kh8 33.Qe2 Rxg4+ 34.Kh2 Rg7 35.
Rh1 Bf2 36.Qh5+ Rh7 37.Kg2 Rxh5 38.Rxh5+ Kg7 39.Kxf2 Rf6 40.Rg1+ Rg6 41.
Rxf5 d5 42.Rxd5 Qa7 43.Rgd1 Rg2+ 44.Kxg2 Qxe3 45.Rf1 Kf6 46.Rf2 a4 47.bxa4
Qc1 48.Bb3 Qc7 49.Re5 Qg7+ 50.Kf1 Qh7 51.Ke2 Qh1 52.Bd5 Qb1 53.Re6+ Kg7 
54.Rg2+ Kf8 55.Rf6+ Ke7 56.Rf7+ Kd6 57.Bb3 Qb2+ 58.Kf1 Qc1+ 59.Kf2 Qd2+ 
60.Kg3 Qc3+ 61.Kh2 Qh8+ 62.Kg3 Qc3+ 63.Kh2 Qh8+ 64.Kg1 Qa1+ 65.Kf2 Qb2+ 
66.Kg1 Qa1+ 1/2-1/2

[Event "11th Asia-ch - Manny Pacquiao Cup"]
[Site "Manila PHI"]
[Date "2013.05.26"]
[Round "9"]
[White "Nadera, Barlo"]
[Black "Mariano, Nelson"]
[Result "1-0"]
[WhiteElo "2388"]
[BlackElo "2282"]
[EventDate "2013.05.18"]
[PlyCount "113"]

1.c4 e5 2.Nc3 Nf6 3.g3 d5 4.cxd5 Nxd5 5.Bg2 Nb6 6.Nf3 Nc6 7.O-O Be7 8.d3 
O-O 9.a3 Be6 10.b4 a5 11.b5 Nd4 12.Bb2 f6 13.Nd2 Qc8 14.e3 Nf5 15.Qe2 a4 
16.Rfc1 Ra5 17.Nc4 Nxc4 18.dxc4 c6 19.Ne4 Qe8 20.Bc3 Ra8 21.bxc6 bxc6 22.
Bb4 Bf7 23.Bh3 Bxb4 24.axb4 Bg6 25.Nc5 Qe7 26.Bg2 Rfc8 27.Ra3 Kh8 28.Rca1 
Nd6 29.Nxa4 Rab8 30.c5 Nb5 31.R3a2 e4 32.Qc2 f5 33.Nb6 Rd8 34.Bf1 f4 35.
exf4 Nd4 36.Qc3 Qf6 37.Kh1 Bh5 38.Bg2 Qf5 39.Rd2 Nf3 40.Rxd8+ Rxd8 41.Nc4 
Bg4 42.Ne3 Qh5 43.Nxg4 Qxg4 44.h3 Qh5 45.Bxf3 exf3 46.Kh2 h6 47.Ra7 Rg8 
48.Rd7 Kh7 49.Qd3+ Kh8 50.Rd6 Rc8 51.Rg6 Rb8 52.Rxc6 Qe8 53.Qxf3 Rxb4 54.
Ra6 Qe1 55.Ra8+ Kh7 56.Qd3+ Re4 57.Kg2 1-0

[Event "11th Asia-ch - Manny Pacquiao Cup"]
[Site "Manila PHI"]
[Date "2013.05.26"]
[Round "9"]
[White "Gombosuren, Munkhgal"]
[Black "Masruri, Rahman"]
[Result "1-0"]
[WhiteElo "2427"]
[BlackElo "2165"]
[EventDate "2013.05.18"]
[PlyCount "59"]

1.d4 Nf6 2.c4 e6 3.Nc3 Bb4 4.Qc2 Nc6 5.Nf3 d6 6.Bd2 O-O 7.a3 Bxc3 8.Bxc3 
Qe7 9.e3 a5 10.Bd3 e5 11.d5 Nb8 12.Nd2 a4 13.O-O Nbd7 14.b4 axb3 15.Nxb3 
e4 16.Be2 Ne5 17.Rfb1 Bd7 18.Nd2 Ba4 19.Qb2 b6 20.Bxe5 Qxe5 21.Qxe5 dxe5 
22.Rb2 Ra5 23.h4 Bd7 24.d6 cxd6 25.Rxb6 Rfa8 26.Rxd6 Rxa3 27.Rxa3 Rxa3 28.
g4 Kf8 29.g5 Ke7 30.gxf6+ 1-0

[Event "11th Asia-ch - Manny Pacquiao Cup"]
[Site "Manila PHI"]
[Date "2013.05.26"]
[Round "9"]
[White "Bilguun, Sumiya"]
[Black "Segarra, Randy"]
[Result "0-1"]
[WhiteElo "2269"]
[BlackElo "2343"]
[EventDate "2013.05.18"]
[PlyCount "100"]

1.e4 d5 2.exd5 Qxd5 3.Nc3 Qd6 4.Nf3 Nf6 5.Be2 c6 6.O-O Bg4 7.h3 Bxf3 8.
Bxf3 Nbd7 9.d4 e6 10.Bg5 Qc7 11.Qd3 Be7 12.Bh4 O-O 13.Ne4 Qd8 14.Bg3 Nxe4 
15.Bxe4 Nf6 16.Bf3 Bd6 17.Bh4 Be7 18.Bg5 Nd5 19.Bd2 Bf6 20.c4 Ne7 21.Bc3 
Qd7 22.Rad1 Rfd8 23.Be4 g6 24.b4 Nf5 25.Bxf5 exf5 26.d5 Bxc3 27.Qxc3 Qc7 
28.Qf6 Qd6 29.Qc3 Qc7 30.dxc6 Qxc6 31.Rd4 Rxd4 32.Qxd4 Qe4 33.Qc3 Qc6 34.
Rd1 b6 35.c5 a5 36.a3 axb4 37.axb4 bxc5 38.bxc5 Rc8 39.Qe5 Re8 40.Qd4 Rc8 
41.Re1 Qc7 42.h4 h5 43.g3 Qd8 44.Qc3 f4 45.c6 fxg3 46.fxg3 Qb6+ 47.Kg2 
Qxc6+ 48.Qxc6 Rxc6 49.Re2 Kg7 50.Kf3 Kf6 0-1

[Event "11th Asia-ch - Manny Pacquiao Cup"]
[Site "Manila PHI"]
[Date "2013.05.26"]
[Round "9"]
[White "Galindo, Joseph"]
[Black "Pimentel, Joel"]
[Result "0-1"]
[WhiteElo "2081"]
[BlackElo "2194"]
[EventDate "2013.05.18"]
[PlyCount "60"]

1.c4 c6 2.d4 d5 3.cxd5 cxd5 4.Nc3 Nf6 5.Qc2 a6 6.Nf3 Nc6 7.Bg5 e6 8.e3 Be7
9.a3 Bd7 10.Bd3 h6 11.Bf4 Rc8 12.Rc1 Na5 13.Ne5 O-O 14.g4 Bb5 15.Rg1 Bxd3 
16.Qxd3 Ne4 17.Rc2 Nd6 18.f3 Bg5 19.Bxg5 hxg5 20.Rg3 f5 21.Rcg2 Nac4 22.
gxf5 Rxf5 23.Nxc4 Nxc4 24.e4 Rf7 25.Nd1 dxe4 26.Qxe4 Qa5+ 27.Kf2 Qd2+ 28.
Qe2 Qxd4+ 29.Ke1 Ne5 30.Nc3 Nd3+ 0-1

[Event "11th Asia-ch - Manny Pacquiao Cup"]
[Site "Manila PHI"]
[Date "2013.05.26"]
[Round "9"]
[White "Polao, Ben"]
[Black "Ervan, Mohamad"]
[Result "0-1"]
[WhiteElo "2083"]
[BlackElo "2162"]
[EventDate "2013.05.18"]
[PlyCount "62"]

1.e4 c5 2.Nc3 e6 3.f4 Nc6 4.Bb5 Nd4 5.Nf3 a6 6.Be2 Ne7 7.Nxd4 cxd4 8.Nb1 
g6 9.d3 Bg7 10.Nd2 O-O 11.Nf3 f5 12.O-O b5 13.b3 fxe4 14.dxe4 d3 15.Qxd3 
Bxa1 16.c3 b4 17.cxb4 Bg7 18.Be3 Bb7 19.Nd2 d5 20.e5 d4 21.Qxd4 Qxd4 22.
Bxd4 Rfd8 23.Bc3 Nd5 24.Nb1 Nxc3 25.Nxc3 Rd2 26.Rc1 Rc8 27.Kf1 Bf8 28.a3 
Kf7 29.g4 Rd4 30.f5 gxf5 31.gxf5 Rf4+ 0-1

[Event "11th Asia-ch - Manny Pacquiao Cup"]
[Site "Manila PHI"]
[Date "2013.05.26"]
[Round "9"]
[White "Liew Chee Meng, Jimmy"]
[Black "Pagente, Adelardo"]
[Result "1-0"]
[WhiteElo "2287"]
[BlackElo "1906"]
[EventDate "2013.05.18"]
[PlyCount "33"]

1.d4 d5 2.Nc3 Nf6 3.Bg5 e6 4.e4 dxe4 5.Nxe4 Be7 6.Bxf6 Bxf6 7.Nf3 Nd7 8.
Qd2 Nb6 9.O-O-O Bd7 10.Qf4 Bc6 11.c4 Bxe4 12.Qxe4 c6 13.Ne5 Qc7 14.g4 
O-O-O 15.Be2 h6 16.Rhg1 Bxe5 17.dxe5 1-0